| 000 | 00421nam a2200181Ia 4500 | ||
|---|---|---|---|
| 008 | 170918s9999 xx 000 0 und d | ||
| 020 | _a9781416903550 | ||
| 050 | _bH793bu 2006 | ||
| 100 | _aHopkins, Ellen | ||
| 245 | _aBurned / | ||
| 245 | _cby Ellen Hopkins. | ||
| 260 | _aNew York : | ||
| 260 | _bMcElderry Books, | ||
| 260 | _c2006 | ||
| 300 | _a532 pages : | ||
| 300 | _billustrations ; | ||
| 300 | _c17cm. | ||
| 999 |
_c343976 _d343976 |
||